Drapeaux aléatoires #1 - Statistiques

Statistiques générales
  • Ce quiz a été pris 152 fois
  • Le résultat moyen est 12 sur 16
Statistiques - réponses
Par images Réponse % Correct
Croatie
97%
canada
96%
algerie
93%
italie
93%
ukraine
93%
nouvelle zelande
92%
qatar
89%
ecosse
83%
Cambodge
80%
mongolie
72%
philippines
71%
lituanie
69%
érythrée
54%
paraguay
54%
Gambie
47%
Groënland
37%
Aucun quiz correspondant
Distribution des résultats
% des personnes avec chaque résultat
Percentile par nombre de réponses
Votre historique - résultats
Vous n’avez pas pris ce quiz